| 000 | 00474nam a22001697a 4500 | ||
|---|---|---|---|
| 082 |
_a620.112 _bTIM _cD |
||
| 100 |
_aTimoshhenko, S _940797 |
||
| 245 |
_aStrength of materials _cS. Timoshenko |
||
| 250 | _a3rd Edition | ||
| 260 |
_aLondon : _bNew Jersey _c1930. |
||
| 300 | _a442 p. : | ||
| 526 |
_a0 _b0 _c0 _d620_112000000000000_TIM |
||
| 526 |
_a0 _b0 _c0 _d620_112000000000000_TIM |
||
| 526 |
_a0 _b0 _c0 _d620_112000000000000_TIM |
||
| 650 |
_aMCE _9379 |
||
| 942 |
_2ddc _cBK |
||
| 999 |
_c545047 _d545047 |
||